LEADER 04083nam0 22008053i 450 001 SBL0372414 005 20251003044353.0 020 $aIT$b715987 100 $a19941201d1970 ||||0itac50 ba 101 | $aita$ceng 102 $ait 105 $a|||| |||c| 181 1$6z01$ai $bxxxe 182 1$6z01$an 183 1$6z01$anc$2RDAcarrier 200 1 $aˆLa ‰teoria dello sviluppo capitalistico$fPaul M. Sweezy$ge discussione con scritti di Shigeto Tsuru ... [et al.]$gcon introduzione e a cura di Claudio Napoleoni 210 $aTorino$cBoringhieri$d1970 215 $aXXXIX, 617 p.$d20 cm 225 | $aUniversale scientifica$v52/53 300 $aIn copertina: Discussione del pensiero economico marxiano 410 0$1001CFI0006139$12001 $aUniversale scientifica$v52/53 500 10$aˆThe ‰theory of capitalist development.$3SBL0372415$9CFIV000019$952688 517 1 $aˆLa ‰teoria dello sviluppo capitalistico e discussione$9UTO1268790 606 $aCapitalismo$2FIR$3CFIC001630$9E 606 $aEconomia marxista$2FIR$3CFIC002551$9E 606 $aEconomia$xTeorie$2FIR$3CFIC002608$9E 606 $aMarx, Karl <1818-1883>$xTeoria dello sviluppo capitalistico$2FIR$3SBLC010149$9I 676 $a330.1$9SCIENZE ECONOMICHE. SISTEMI E TEORIE$v12 676 $a330.1$9ECONOMIA. Sistemi, scuole, teorie$v14 676 $a330.1$9SISTEMI E TEORIE ECONOMICHE$v17 676 $a330.12$9ECONOMIA. SISTEMI$v21 676 $a330.122$9SISTEMI ECONOMICI. ECONOMIA DELLA LIBERA IMPRESA$v21 676 $a330.122$9Economia della libera impresa (Capitalismo)$v22 676 $a335.4$9SISTEMI MARXIANI (MARXISMO)$v12 676 $a335.412$9CONCETTI ECONOMICI MARXIANI$v19 676 $a335.412$9SISTEMI MARXISTI. CONCETTI ECONOMICI$v20 676 $a335.412$9SISTEMI MARXISTI. CONCETTI ECONOMICI$v21 676 $a335.412$9SISTEMI MARXISTI. CONCETTI ECONOMICI$v22 696 $aNeocapitalismo 696 $aEconomia marxiana 696 $aEconomia reale$aAttività economiche$aAspetti economici 699 $aCapitalismo$zNeocapitalismo 699 $aEconomia marxista$yEconomia marxiana 699 $aEconomia$yEconomia reale 699 $aEconomia$zAttività economiche 699 $aEconomia$zAspetti economici 700 1$aSweezy$b, Paul Marlor$3CFIV000019$4070$0437361 702 1$aNapoleoni$b, Claudio$3CFIV010532$4080 702 1$aNapoleoni$b, Claudio$3CFIV010532$4340 702 1$aTsuru$b, Shigeto$3RAVV016891$4070 790 1$aSweezy$b, Paul$3MILV155077$zSweezy, Paul Marlor 790 1$aSweezy$b, Paul M.$3MILV155079$zSweezy, Paul Marlor 801 3$aIT$bIT-000000$c19941201 850 $aIT-BN0095 $aIT-NA0602 $aIT-NA0649 $aIT-SA0252 $aIT-NA0299 $aIT-AV0007 $aIT-NA0079 $aIT-NA0120 $aIT-NA0581 $aIT-BN0015 $aIT-SA0335 $aIT-NA0249 901 $bNAP 07$cALBERTI $nSezione unica della Biblioteca del Liceo scientifico L.B. Alberti 901 $bNAP PV$cBIB PV $n$ 901 $bNAP 83$cIAN $n$ 901 $bNAP BN$cA $nComprende volumi con collocazioni per formato catalogati prima del 1987. La consegna del doc. é effettuata dall'Uff. Distribuzione. 901 $bNAP 71$cCOEN CAGLI$n$ 901 $bNAP AV$cSEZ. M $nSezione Moderna 901 $bNAP FC$cFONDO $n$ 901 $bNAP 01$cPOZZO LIB.$nVi sono collocati fondi di economia, periodici di ingegneria e scienze, periodici di economia e statistica e altri fondi comprendenti documenti di economia pervenuti in dono. 901 $bNAP AG$cI $n$ 901 $bNAP SG$cSALA B $n$ 901 $bNAP CR$cSASSO $n$ 912 $aSBL0372414 950 0$aBiblioteca Centralizzata di Ateneo$c1 v.$d 01POZZO LIB.ECON MON 5186$e 0101 0000277895E VMA 1 v.$fB $h20210407$i20210407 977 $a 01$a 07$a 71$a 83$a AG$a AV$a BN$a CR$a FC$a PB$a PV$a SG 996 $aTheory of capitalist development$952688 997 $aUNISANNIO